[Event "Open"]
[Site "Bergen NOR"]
[Date "2002.07.24"]
[Round "5"]
[White "Ellingsen,R"]
[Black "Engelbert,C"]
[Result "1/2-1/2"]
[WhiteElo "2053"]
[BlackElo "2265"]

1.e4 g6 2.d4 Bg7 3.Nc3 d6 4.Be3 Nf6 5.Be2 O-O 6.Qd2 Nc6 7.h3 e5 8.Nf3 exd4
9.Nxd4 Re8 10.Nxc6 bxc6 11.f3 Nh5 12.O-O-O Ng3 13.Rhe1 Nxe2+ 14.Rxe2 Ba6
15.Ree1 Qe7 16.Bd4 Bxd4 17.Qxd4 Qe5 18.Qxe5 Rxe5 19.Rd4 Bb5 20.Red1 Rae8
21.R4d2 Ba6 22.Rd4 Bb5 23.R4d2 Kg7 24.Rd4 c5 25.R4d2 Bc6 26.Nd5 Bxd5 27.Rxd5 f5
28.exf5 gxf5 29.R5d3 Re3 30.g3 Kf6 31.Rxe3 Rxe3 32.Rd3 f4 33.Rxe3 fxe3 34.Kd1 d5
35.Ke2 d4 36.c4 a5 37.Kd3 Ke5 38.Ke2 h5 39.h4  1/2-1/2

[Event "Open"]
[Site "Bergen NOR"]
[Date "2002.07.24"]
[Round "5"]
[White "Manne,P"]
[Black "Christenson,F"]
[Result "0-1"]
[WhiteElo "2338"]
[BlackElo "2225"]

1.d4 d6 2.e4 g6 3.Nc3 Bg7 4.Be3 a6 5.Qd2 b5 6.O-O-O Bb7 7.f3 Nd7 8.h4 h5
9.Nh3 Rc8 10.Ng5 c5 11.Kb1 c4 12.Ne2 Ngf6 13.e5 Nd5 14.e6 fxe6 15.Nxe6 Qb6
16.Nxg7+ Kf7 17.Bh6 c3 18.Nxc3 Rxc3 19.Qg5 N7f6 20.Bd3 Rxd3 21.Rxd3 Rc8 22.Re1 Qa5
23.Qg3 Nb4 24.Ra3 Qc7 25.Rc3 Qa5 26.Ra3 Qc7 27.Rc3 Qa5 28.Rxe7+ Kxe7 29.Qe1+ Kd8
30.Rxc8+ Bxc8 31.a3 Nc6 32.b4 Qc7 33.Bg5 Qxg7 34.Qc3 Ne7  0-1

[Event "KB Czech Open"]
[Site "Pardubice CZE"]
[Date "2002.07.24"]
[Round "6"]
[White "Gyimesi,Z"]
[Black "Haub,TM"]
[Result "1-0"]
[WhiteElo "2580"]
[BlackElo "2381"]

1.d4 g6 2.e4 Bg7 3.Nc3 d6 4.Be3 a6 5.Qd2 Nd7 6.f3 h6 7.Nge2 e6 8.g4 b5 9.Ng3 Nb6
10.b3 Ne7 11.Bg2 Bb7 12.O-O h5 13.h3 hxg4 14.fxg4 O-O 15.Nce2 Rc8 16.Rf2 c5
17.c3 cxd4 18.cxd4 Nc6 19.Raf1 Nd7 20.Bh6 Qa5 21.Qe3 f6 22.Bxg7 Kxg7 23.g5 f5
24.d5 exd5 25.exf5 Rce8 26.f6+ Kh7 27.Qf4 Qb4 28.Bxd5  1-0

[Event "24th Politiken Cup"]
[Site "Copenhagen DEN"]
[Date "2002.07.25"]
[Round "10"]
[White "Royset,P"]
[Black "Bogdanov,D"]
[Result "1-0"]
[WhiteElo "2252"]
[BlackElo "2096"]

1.e4 g6 2.d4 Bg7 3.Nc3 d6 4.Be3 c6 5.Qd2 b5 6.a4 b4 7.Nd1 a5 8.c3 bxc3 9.bxc3 Nf6
10.f3 O-O 11.h4 h5 12.Nh3 Bxh3 13.Rxh3 Nbd7 14.Rg3 e5 15.Bh6 exd4 16.Bxg7 Kxg7
17.cxd4 Re8 18.Bd3 Nd5 19.Rg5 Qf6 20.Bc4 N5b6 21.Be2 c5 22.Ne3 cxd4 23.Qxd4 Re5
24.Rd1 Rxg5 25.hxg5 Qxd4 26.Rxd4 Nc5 27.Bb5 Rb8 28.Ke2 Ne6 29.Rxd6 Nxg5 30.Nd5 Nxd5
31.exd5 Ra8 32.Ke3 h4 33.Ra6 Rc8 34.f4 h3 35.gxh3 Nxh3 36.d6 Rc3+ 37.Kd4 Rc1
38.d7 Rd1+ 39.Ke3  1-0

[Event "Open"]
[Site "Bergen NOR"]
[Date "2002.07.26"]
[Round "7"]
[White "Heim,S"]
[Black "Berelovich,A"]
[Result "1/2-1/2"]
[WhiteElo "2385"]
[BlackElo "2533"]

1.e4 g6 2.d4 Bg7 3.Nc3 d6 4.Nf3 Nf6 5.Be2 O-O 6.O-O Nc6 7.d5 Nb8 8.Re1 Bg4
9.Be3 c6 10.a4 cxd5 11.exd5 Qa5 12.h3 Bxf3 13.Bxf3 Nbd7 14.Bd4 Rfe8 15.Nb5 a6
16.Bc3 Qd8 17.Na3 Rc8 18.Ra2 Qc7 19.Bd4 e5 20.dxe6 fxe6 21.c4 e5 22.Be3  1/2-1/2

[Event "Open"]
[Site "Bergen NOR"]
[Date "2002.07.26"]
[Round "7"]
[White "Martinsen,S"]
[Black "Engelbert,C"]
[Result "1-0"]
[WhiteElo "2076"]
[BlackElo "2265"]

1.d4 g6 2.e4 Bg7 3.Nc3 d6 4.Be3 Nf6 5.Qd2 c6 6.Nf3 O-O 7.Bh6 b5 8.Bd3 a6
9.h4 Bg4 10.e5 dxe5 11.dxe5 Nh5 12.Nh2 Bxh6 13.Qxh6 Qd4 14.Ne4 f5 15.exf6 Nxf6
16.Nxf6+ Rxf6 17.Nxg4 Qxg4 18.O-O Nd7 19.Rae1 e5 20.Re3 Raf8 21.Be2 Qe6 22.b3 Nb6
23.Qg5 Rf5 24.Bg4 Qf6 25.Bxf5 Qxf5 26.Qxf5 Rxf5 27.Rfe1 e4 28.Rxe4 Rc5 29.c4 bxc4
30.bxc4 Kf7 31.Rb1 Rxc4 32.Rxc4 Nxc4 33.Rc1 Ne5 34.Rc3 Ke6 35.f4  1-0

[Event "Capital of Siberia Open"]
[Site "Novosibirsk RUS"]
[Date "2002.07.26"]
[Round "8"]
[White "Zinoviev,S"]
[Black "Akishev,A"]
[Result "1/2-1/2"]
[WhiteElo "2081"]
[BlackElo "2253"]

1.e4 g6 2.d4 Bg7 3.Nc3 d6 4.Nf3 Nd7 5.Be2 c6 6.Be3 e5 7.Qd2 Qa5 8.O-O Ngf6
9.Nb5 Qxd2 10.Nxd6+ Ke7 11.Nxc8+ Rhxc8 12.Nxd2 Rd8 13.f3 exd4 14.Bxd4 Nb6
15.Be3 Na4 16.Rab1 h6 17.c3 b6 18.Nb3 a6 19.Rfd1 Nd7 20.Nd4 Rdc8 21.Bd3 c5
22.Ne2 Ne5 23.Nf4 Nxd3 24.Rxd3 b5 25.Kf1 b4 26.Nd5+ Ke8 27.Bd2 Rab8 28.b3 bxc3
29.Nxc3 Nxc3 30.Bxc3 c4 31.Re3 Bf8 32.Be1 Bc5 33.Rc3 Bd4 34.Rc2 cxb3 35.Rxc8+ Rxc8
36.axb3 Rc2 37.Rd1 Be5 38.h3 Ke7 39.Bb4+ Ke6 40.Rd2 Rc1+ 41.Ke2 Rb1 42.Ra2 Rxb3
43.Rxa6+ Kd7 44.Bd2 h5 45.Ra2 Ke6 46.f4 Bd4 47.Rc2 Rg3 48.Kf1 Rd3 49.Bc1 Rg3
50.Re2 Rb3 51.Bd2 Rb2 52.Be3 Rb1+ 53.Kf2 Bc3 54.g4 hxg4 55.hxg4 f6 56.f5+ gxf5
57.exf5+ Kf7 58.Kf3 Be5 59.Ra2 Rb4 60.Ra7+ Kg8 61.g5 fxg5 62.Bxg5 Rc4 63.f6 Rc7
64.Ra6 Kf7 65.Ke4 Bb2 66.Kd5 Kg6 67.Bf4 Rf7 68.Be5 Bxe5 69.Kxe5 Rb7 70.Ke6 Rf7  1/2-1/2

[Event "6th Open"]
[Site "Korinthos GRE"]
[Date "2002.07.27"]
[Round "5"]
[White "Makropoulou,M"]
[Black "Koukoufikis,G"]
[Result "1-0"]
[WhiteElo "2300"]
[BlackElo "2142"]

1.e4 d6 2.d4 g6 3.Nc3 Bg7 4.Bc4 Nf6 5.Bb3 Nc6 6.a4 O-O 7.Nge2 e5 8.dxe5 dxe5
9.Be3 Qxd1+ 10.Rxd1 a6 11.f3 Nd8 12.Nd5 Ne6 13.O-O b6 14.Ne7+ Kh8 15.Nxc8 Raxc8
16.Bc4 a5 17.c3 Rfd8 18.Nc1 Nd7 19.Bxe6 fxe6 20.Kf2 Bf6 21.Ke2 Be7 22.Nd3 Bd6
23.Rd2 Kg7 24.Rfd1 Rf8 25.Nf2 Nc5 26.Ng4 Rf7 27.Bxc5 bxc5 28.Ne3 Rb8 29.Nc4 Kf6
30.Kd3 Be7 31.Kc2 Ra8 32.Rd7 Ra7 33.Na3 Bd6 34.Rxf7+ Kxf7 35.Nb5 Ra6 36.Nxc7  1-0

[Event "6th Open"]
[Site "Korinthos GRE"]
[Date "2002.07.27"]
[Round "5"]
[White "Lekic,D"]
[Black "Koukoufikis,A"]
[Result "1-0"]
[WhiteElo "2410"]
[BlackElo "2169"]

1.e4 g6 2.d4 Bg7 3.Nc3 d6 4.Nf3 c6 5.Be2 b5 6.O-O Nf6 7.e5 dxe5 8.Nxe5 Bb7
9.Bf3 a6 10.a4 Nfd7 11.Qe2 Nxe5 12.dxe5 b4 13.Ne4 Bxe5 14.Nc5 Bxh2+ 15.Kh1 Bc7
16.Nxb7 Qd4 17.Bg5 f6 18.Rad1 Qxb2 19.Rfe1 Qe5 20.Qxe5 fxe5 21.Nc5 Bd6 22.Nd3 O-O
23.Bh6 Re8 24.Nxe5 Ra7 25.Nxc6  1-0

[Event "Lost Boys Open"]
[Site "Amsterdam NED"]
[Date "2002.07.28"]
[Round "3"]
[White "Van Haastert,E"]
[Black "Shchekachev,A"]
[Result "0-1"]
[WhiteElo "2427"]
[BlackElo "2546"]

1.e4 d6 2.d4 g6 3.Nc3 Bg7 4.Be3 a6 5.Qd2 Nd7 6.Nf3 b5 7.a4 b4 8.Ne2 c5 9.Ng3 Ngf6
10.Bh6 Bxh6 11.Qxh6 cxd4 12.Nxd4 Qb6 13.Qd2 O-O 14.h4 e5 15.Nb3 Bb7 16.a5 Qc7
17.Bd3 d5 18.f3 dxe4 19.fxe4 Nc5 20.Qxb4 Nxd3+ 21.cxd3 Rab8 22.Qc3 Qxc3+
23.bxc3 Rfc8 24.Rf1 Rxc3 25.Rxf6 Rxb3 26.Rb6 Bc8 27.Rxb8 Rxb8 28.Nf1 Rb3
29.Kd2 Rb2+ 30.Kc3 Rxg2 31.Ne3 Rg3 32.Nd5 Kg7 33.Rb1 h5 34.Rb8 Bg4 35.Nc7 g5
36.Ne8+ Kg6 37.Rb6+ Be6 38.Rxa6 gxh4 39.Rxe6+ fxe6 40.a6 Rg2  0-1

[Event "Open"]
[Site "Bergen NOR"]
[Date "2002.07.28"]
[Round "9"]
[White "Zieher,H"]
[Black "Engelbert,C"]
[Result "1/2-1/2"]
[WhiteElo "2199"]
[BlackElo "2265"]

1.e4 g6 2.d4 Bg7 3.Nc3 d6 4.Be3 Nf6 5.Qd2 c6 6.f3 b5 7.O-O-O Qa5 8.Kb1 Nbd7
9.g4 Nb6 10.b3 h5 11.g5 Nfd7 12.f4 Rb8 13.Nf3 a6 14.Qe1 c5 15.Bd2 b4 16.Ne2 Na8
17.c3 c4 18.cxb4 Qa3 19.Nc1 cxb3 20.Nxb3 a5 21.b5 Nc7 22.Rc1 Nc5 23.Rc3 Nxb5
24.Bxb5+ Rxb5 25.Qc1 Qxc1+ 26.Kxc1 Bg4 27.dxc5 Bxc3 28.Bxc3 Bxf3 29.Rf1 O-O
30.Rxf3 a4 31.Nd4 Rxc5 32.Kd2 Rb8 33.Rf1 Rbc8 34.Rf3 Rc4 35.Rd3 Kg7  1/2-1/2

[Event "7th Open"]
[Site "Creon FRA"]
[Date "2002.07.29"]
[Round "1"]
[White "Labarthe,A"]
[Black "Moldovan,D"]
[Result "0-1"]
[WhiteElo "2050"]
[BlackElo "2459"]

1.d4 g6 2.e4 Bg7 3.Nc3 d6 4.Be3 a6 5.a4 Nf6 6.h3 O-O 7.Qd2 b6 8.g4 e5 9.d5 Nbd7
10.Nge2 Nc5 11.Ng3 Bd7 12.b4 Nb7 13.Be2 Qc8 14.g5 Ne8 15.h4 b5 16.axb5 axb5
17.Rxa8 Qxa8 18.Bxb5 Bxb5 19.Nxb5 Nd8 20.O-O Qc8 21.f3 f5 22.exf5 gxf5 23.f4 Qd7
24.Nc3 exf4 25.Bxf4 Nf7 26.Nce2 Ne5 27.Nd4 Ng6 28.Ne6 Rf7 29.h5 Nxf4 30.Rxf4 Be5
31.Nxf5 Kh8 32.Rf1 Qb5 33.c3 Qc4 34.Ne3 Rxf1+ 35.Nxf1 Ng7 36.Nxg7 Kxg7 37.h6+ Kg8
38.Ne3 Qf4 39.Qf2 Qxg5+ 40.Qg2 Qxg2+ 41.Kxg2 Bxc3 42.b5 Kf7 43.Nf5 Ba5 44.Kf3 Kg6
45.Kg4 Bb6 46.Kf4 Kh5 47.Ne7 Kxh6 48.Kf5 Kg7 49.Ke6 h5 50.Nf5+ Kg6 51.Nxd6 cxd6
52.Kxd6 h4 53.Kc6 h3 54.Kxb6 h2 55.d6 h1=Q 56.d7 Qd5 57.Kc7  0-1

[Event "6th Open"]
[Site "Korinthos GRE"]
[Date "2002.07.29"]
[Round "7"]
[White "Pavlovic,SD"]
[Black "Koukoufikis,A"]
[Result "1-0"]
[WhiteElo "2354"]
[BlackElo "2169"]

1.e4 g6 2.d4 Bg7 3.Nc3 d6 4.f4 Nf6 5.Nf3 O-O 6.Bd3 Nbd7 7.e5 Ne8 8.Qe2 e6
9.O-O c5 10.Be3 cxd4 11.Bxd4 b6 12.Ne4 Qc7 13.h4 Bb7 14.h5 dxe5 15.fxe5 Rd8
16.b4 Kh8 17.hxg6 Nxe5 18.Bxe5 Bxe5 19.gxf7 Ng7 20.Rae1 Bf4 21.Nfg5 Rd5 22.Qg4 Rf5
23.Nxe6 Bh2+ 24.Kh1 Rxf1+ 25.Rxf1 Nxe6 26.Qxe6 Qe5 27.Qxe5+ Bxe5 28.Ng5 Bd6
29.Nxh7 Bxb4 30.Nxf8 Bxf8 31.Rf5 Kg7 32.Bc4 Be4 33.Rg5+ Kf6 34.Rg8 Ke7 35.Bb3 b5
36.Rg5  1-0

[Event "Open A"]
[Site "Trier GER"]
[Date "2002.07.29"]
[Round "1"]
[White "Grecescu,G"]
[Black "Klicker,F"]
[Result "1-0"]
[WhiteElo "2233"]
[BlackElo "2020"]

1.e4 d6 2.d4 g6 3.Nc3 Bg7 4.g3 c6 5.a4 Nf6 6.Bg2 Na6 7.Nge2 O-O 8.O-O Qc7
9.h3 Nb4 10.Kh2 h5 11.Be3 e5 12.Qd2 Kh7 13.Rac1 a5 14.f4 Be6 15.Nd1 Bc4 16.Nf2 Rae8
17.c3 Na6 18.Rfe1 Bh6 19.Ng1 Nb8 20.Nf3 Nbd7 21.Ng5+ Kg8 22.Qc2 Nh7 23.b3 Ba6
24.Nxh7 Kxh7 25.c4 exd4 26.Bxd4 h4 27.Ng4 hxg3+ 28.Kxg3 Bg7 29.Bxg7 Kxg7
30.Qc3+ f6 31.Rcd1 Nc5 32.Kh2 Ne6 33.Qg3 g5 34.fxg5 fxg5 35.e5 dxe5 36.Rxe5 Rf4
37.Rde1 Qd6 38.c5 Qd7 39.Qe3 Qc7 40.Kh1  1-0

[Event "2nd Summer Open"]
[Site "Savaria HUN"]
[Date "2002.07.30"]
[Round "6"]
[White "Rigo,Z"]
[Black "Czebe,A"]
[Result "1-0"]
[WhiteElo "2368"]
[BlackElo "2480"]

1.e4 g6 2.d4 Bg7 3.Nc3 d6 4.Nf3 a6 5.a4 Nf6 6.Be2 O-O 7.O-O b6 8.Re1 Bb7
9.Bf1 Nc6 10.Bf4 Nb4 11.Qd2 Qd7 12.Rad1 Rad8 13.Bg5 Rfe8 14.a5 bxa5 15.Ra1 d5
16.exd5 Nfxd5 17.Ne4 Nc6 18.Nc5 Qc8 19.c3 Nb6 20.Qf4 Rd5 21.Qh4 h6 22.Bc1 Nd7
23.Nxb7 Qxb7 24.Bc4 Rh5 25.Qe4 e6 26.d5 Nd8 27.dxe6 Qxe4 28.Rxe4 Nxe6 29.Re1 Rd8
30.Bxa6 Nec5 31.Be2 Nb3 32.Ra3 Nxc1 33.Rxc1 Nb6 34.Kf1 Rd6 35.Rb3 Bf6 36.Ra1 Kg7
37.Rb5 Rxb5 38.Bxb5 Rd5 39.Ba6 Rf5 40.Ke2 Be7 41.Nd2 Rc5 42.h3  1-0

[Event "2nd Summer Open"]
[Site "Savaria HUN"]
[Date "2002.07.30"]
[Round "6"]
[White "Remete,E"]
[Black "Hidegh,E"]
[Result "0-1"]
[WhiteElo "2091"]
[BlackElo "2160"]

1.e4 g6 2.d4 Bg7 3.Nc3 d6 4.Be3 Nf6 5.Qd2 h5 6.O-O-O a6 7.f3 b5 8.h4 b4 9.Nb1 a5
10.Bc4 d5 11.Bd3 dxe4 12.Bxe4 Nd5 13.Ne2 Ba6 14.Nf4 c6 15.g4 Nxf4 16.Bxf4 Qb6
17.Qh2 Nd7 18.Bc7 Qb5 19.Rhe1 Nf6 20.Bd3 Qd5 21.Re5 Qd7 22.Rxa5 Bb7 23.Rxa8+ Bxa8
24.Bb6 Qb7 25.Bc7 hxg4 26.Re1 Nd5 27.Ba5 Bh6+ 28.Nd2 Bf4 29.Qg2 Ne3 30.Qg1 Rh5
31.Rxe3 Bxe3 32.Qxe3 Rxa5 33.Bc4 Qd7 34.Qf4 Rf5 35.Qb8+ Qd8 36.Qg3 gxf3 37.Nxf3 c5
38.Ne5 Qxd4 39.Nxg6 e5 40.Bb5+ Kd8 41.Nf8 Qf4+ 42.Qxf4 Rxf4 43.h5 Rh4 44.Be2 Rh2
45.Kd1 Be4 46.c3 bxc3 47.bxc3 Ke7  0-1

[Event "Lost Boys Open"]
[Site "Amsterdam NED"]
[Date "2002.08.01"]
[Round "7"]
[White "Vidarsson,J"]
[Black "Lobron,E"]
[Result "1/2-1/2"]
[WhiteElo "2378"]
[BlackElo "2500"]

1.e4 g6 2.d4 Bg7 3.Nc3 d6 4.Be3 a6 5.Qd2 Nd7 6.f3 b5 7.a4 b4 8.Nd1 Rb8 9.Bc4 e5
10.c3 bxc3 11.bxc3 Ngf6 12.Ne2 O-O 13.a5 c6 14.Qa2 exd4 15.cxd4 d5 16.exd5 cxd5
17.Bd3 Re8 18.O-O Nf8 19.Bf4 Ra8 20.Be5 Nh5 21.Bxg7 Nxg7 22.Ndc3 Bf5 23.Rfd1 Qd6
24.Qa3 Rad8 25.Qxd6 Rxd6 26.Nf4  1/2-1/2

[Event "Open A"]
[Site "Trier GER"]
[Date "2002.08.01"]
[Round "6"]
[White "Meijers,V"]
[Black "Rat,D"]
[Result "1/2-1/2"]
[WhiteElo "2475"]
[BlackElo "2345"]

1.e4 g6 2.d4 Bg7 3.Nc3 d6 4.Be3 a6 5.a4 b6 6.Be2 Bb7 7.Qd2 Nd7 8.Bf3 c6 9.h3 b5
10.Nge2 Nb6 11.b3 Qc7 12.O-O Nf6 13.axb5 cxb5 14.e5 Nfd5 15.exd6 exd6 16.Nxd5 Bxd5
17.Bxd5 Nxd5 18.c4 bxc4 19.bxc4 Qxc4 20.Rfc1 Qb5 21.Ra5 Qb7 22.Nf4 Nxf4 23.Bxf4 O-O
24.Bxd6 Rfd8 25.Bc5 Rd5 26.Ra4 Qd7 27.Rac4 Rc8 28.h4 h5 29.g3 Kh7  1/2-1/2

[Event "7th Open"]
[Site "Creon FRA"]
[Date "2002.08.02"]
[Round "7"]
[White "Cornette,M"]
[Black "Dubreuil,R"]
[Result "1-0"]
[WhiteElo "2355"]
[BlackElo "2053"]

1.e4 g6 2.d4 Bg7 3.Nc3 d6 4.Be3 a6 5.Qd2 b5 6.Nf3 Bb7 7.Bd3 c6 8.Ne2 Nd7
9.Ng3 Ndf6 10.h3 Qc7 11.a4 e6 12.c3 Ne7 13.Bh6 Bf8 14.Qf4 Nh5 15.Nxh5 gxh5
16.Bxf8 Rxf8 17.Qh6 O-O-O 18.Qxh5 Ng6 19.g3 Rde8 20.O-O Qe7 21.axb5 cxb5
22.c4 bxc4 23.Bxc4 f5 24.Ng5 fxe4 25.Nxe6 Rg8 26.Bxa6 Bxa6 27.Rxa6 Qb7 28.Qa5  1-0

[Event "Open"]
[Site "Olomouc CZE"]
[Date "2002.08.02"]
[Round "3"]
[White "Vavruska,A"]
[Black "Johansson,Ja"]
[Result "0-1"]
[WhiteElo "2156"]
[BlackElo "2401"]

1.e4 g6 2.d4 Bg7 3.Nc3 d6 4.Bg5 c6 5.Qd2 b5 6.a3 Nd7 7.Nf3 Bb7 8.h3 Qc7 9.Bd3 e5
10.Ne2 a6 11.c3 Ngf6 12.O-O O-O 13.Bh6 d5 14.Bxg7 Kxg7 15.dxe5 Nxe4 16.Qf4 Nec5
17.Bc2 Rae8 18.Ng3 Nxe5 19.Nd4 f6 20.b4 Ne6 21.Qh4 Nxd4 22.cxd4 Nf7 23.Rae1 Bc8
24.f4 f5 25.Nh1 a5 26.Qf2 Nd6 27.Qd2 Nc4 28.Qc1 axb4 29.axb4 Qd6 30.Nf2 Qxb4
31.Nd3 Qc3 32.Ne5 Qxd4+ 33.Kh1 Nxe5 34.Rxe5 Rxe5 35.fxe5 Qxe5 36.Re1 Qf6
37.Qa3 Bd7 38.Qc5 Re8 39.Rd1 f4 40.Rf1 Qe5 41.Bd1 Re7 42.Bf3 Qe3 43.Qd6 Rf7
44.Ra1 Qc3 45.Rf1 b4 46.Kh2 b3 47.Rb1 Bf5  0-1

[Event "Lost Boys Open"]
[Site "Amsterdam NED"]
[Date "2002.08.03"]
[Round "9"]
[White "L'Ami,E"]
[Black "Lobron,E"]
[Result "0-1"]
[WhiteElo "2438"]
[BlackElo "2500"]

1.e4 g6 2.d4 Bg7 3.Nc3 d6 4.Be3 a6 5.Qd2 Nd7 6.Nf3 b5 7.a4 b4 8.Ne2 Rb8 9.Ng3 c5
10.Bc4 cxd4 11.Nxd4 Qc7 12.Ba2 Nc5 13.O-O h5 14.f3 Nf6 15.Rfe1 h4 16.Nh1 h3
17.g4 e5 18.Ne2 Bxg4 19.fxg4 Ncxe4 20.Qd3 Qb7 21.Rad1 Nd2 22.Nf4 Nf3+ 23.Kf2 Nxe1
24.Bxf7+ Qxf7 25.Kxe1 O-O 26.Nxg6 e4 27.Qxd6 Qxg6 28.g5 Rbd8 29.Qe6+ Qf7
30.Qxf7+ Kxf7 31.Rxd8 Rxd8 32.gxf6 Bxf6 33.Nf2 Bh4  0-1

[Event "6th Open"]
[Site "Genova ITA"]
[Date "2002.08.03"]
[Round "1"]
[White "Ferretti,F"]
[Black "Capurro,G"]
[Result "1-0"]
[WhiteElo "2279"]
[BlackElo "2067"]

1.e4 d6 2.d4 g6 3.Nc3 Bg7 4.Nge2 Nf6 5.g3 O-O 6.Bg2 e5 7.h3 Nbd7 8.O-O Nb6
9.a4 a6 10.f4 Nh5 11.Kh2 c6 12.dxe5 dxe5 13.a5 Nd7 14.Be3 exf4 15.gxf4 Qe7
16.Bf3 Nhf6 17.Ng3 Rd8 18.Qe2 Nf8 19.Bb6 Re8 20.Rae1 h5 21.e5 Qd7 22.Qg2 h4
23.Nge4 Nxe4 24.Nxe4 Ne6 25.Bg4 Qe7 26.Nd6 Nxf4 27.Nxc8 Raxc8 28.Rxf4 Bxe5
29.Kh1 Ra8 30.Rfe4 Qd6 31.Bd4 f6 32.Bh5 Re7 33.Bxe5 fxe5 34.Qxg6+ Qxg6 35.Bxg6  1-0

[Event "It"]
[Site "Sudak UKR"]
[Date "2002.08.03"]
[Round "2"]
[White "Areshchenko,A"]
[Black "Polivanov,A"]
[Result "1-0"]
[WhiteElo "2533"]
[BlackElo "2349"]

1.e4 g6 2.d4 Bg7 3.Nc3 d6 4.Be3 a6 5.f4 b5 6.Qf3 Bb7 7.g4 h5 8.g5 e6 9.h4 Ne7
10.O-O-O b4 11.Nce2 d5 12.e5 Nd7 13.Ng3 c5 14.dxc5 Qa5 15.Kb1 Nxc5 16.Bxc5 Qxc5
17.N1e2 Nc6 18.Bh3 O-O-O 19.Nc1 Kb8 20.Qd3 Qb6 21.Nb3 a5 22.Bf1 Rc8 23.Qb5 Ka7
24.Qa4 Rhd8 25.Bb5 d4 26.Rh2 Rd5 27.Bc4 Rdd8 28.Rhd2 Bf8 29.Ne2 Kb8 30.Nexd4 Nxd4
31.Rxd4 Rxd4 32.Rxd4 Bc5 33.Nxc5 Qxc5 34.c3 bxc3 35.bxc3 Bc6 36.Qc2 Ka8 37.Bd3 Bd5
38.Be4 Qb5+ 39.Ka1 Qf1+ 40.Rd1 Qxf4 41.Bxd5+ exd5 42.Rxd5 Qf1+ 43.Kb2 Qa6
44.Qe4 Qb6+ 45.Rb5+  1-0

[Event "7th Open"]
[Site "Creon FRA"]
[Date "2002.08.04"]
[Round "9"]
[White "Libiszewski,F"]
[Black "Badea,B"]
[Result "1/2-1/2"]
[WhiteElo "2316"]
[BlackElo "2474"]

1.e4 g6 2.d4 Bg7 3.Nc3 d6 4.f4 Nf6 5.Nf3 c5 6.Bb5+ Bd7 7.e5 Ng4 8.Bxd7+ Qxd7
9.d5 dxe5 10.h3 e4 11.Nxe4 Nf6 12.Nxf6+ Bxf6 13.O-O O-O 14.Be3 Bxb2 15.Rb1 Bg7
16.Bxc5 Rd8 17.Bd4 Qxd5 18.Bxg7 Kxg7 19.Qxd5 Rxd5 20.Rxb7 Nc6 21.Rc7 Nd4
22.Nxd4 Rxd4 23.Rxe7 Rc8 24.f5 g5 25.Rxa7 Rxc2 26.Rf3  1/2-1/2

[Event "Open"]
[Site "Olomouc CZE"]
[Date "2002.08.04"]
[Round "5"]
[White "Jasny,S"]
[Black "Johansson,Ja"]
[Result "0-1"]
[WhiteElo "2290"]
[BlackElo "2401"]

1.e4 g6 2.d4 Bg7 3.Nc3 d6 4.Be3 a6 5.Qd2 b5 6.a4 b4 7.Na2 a5 8.Bd3 Nd7 9.Ne2 Ngf6
10.O-O O-O 11.Bh6 c5 12.Bxg7 Kxg7 13.c3 cxd4 14.cxb4 e5 15.f4 Rb8 16.fxe5 dxe5
17.Ng3 axb4 18.Bb5 Ng4 19.h3 Ne3 20.Rf3 Nc5 21.Re1 Bb7 22.Qxb4 Qb6 23.Rc1 Rbc8
24.a5 Qa7 25.Kh2 h5 26.Nc3 Ng4+ 27.hxg4 hxg4 28.Nf5+ gxf5 29.Rxf5 Rh8+ 30.Kg3 f6
31.Ne2 Bxe4 32.Nxd4 exd4 33.Rg5+ Bg6 34.Rgxc5 Qb8+ 35.Kxg4 Rh4+ 36.Kf3 Qf4+
37.Ke2 Qe3+  0-1

[Event "Juventus"]
[Site "Bucharest ROM"]
[Date "2002.08.05"]
[Round "1"]
[White "Chirila,C"]
[Black "Manea,A"]
[Result "0-1"]
[WhiteElo "2189"]
[BlackElo "2289"]

1.e4 g6 2.d4 Bg7 3.Nc3 d6 4.Nf3 a6 5.Be2 b5 6.a3 Bb7 7.O-O Nd7 8.Re1 c5 9.Bf1 cxd4
10.Nxd4 Ngf6 11.Bg5 O-O 12.Qd2 Rc8 13.Bh6 Rc5 14.Bxg7 Kxg7 15.Rad1 Qc7 16.Nb3 Rh5
17.Be2 Rh6 18.Nd5 Nxd5 19.exd5 Nf6 20.Bf3 e5 21.g3 Qd7 22.h4 Re8 23.Qd3 Ng8
24.Na5 Bc8 25.c4 g5 26.hxg5 Rg6 27.cxb5 axb5 28.Qe3 h6 29.gxh6+ Nxh6 30.Bg2 Ng4
31.Qd3 Nxf2 32.Kxf2 Qa7+ 33.Re3 Qxa5 34.Rc1 Bd7 35.Qc2 Rh8 36.b4 Qa7 37.Qc7 Rf6+
38.Ke2 Bg4+ 39.Kd2 Rf2+  0-1

[Event "It"]
[Site "Sudak UKR"]
[Date "2002.08.05"]
[Round "5"]
[White "Semenova,I"]
[Black "Firman,N"]
[Result "0-1"]
[WhiteElo "2257"]
[BlackElo "2494"]

1.e4 g6 2.d4 Bg7 3.Nc3 d6 4.h3 Nf6 5.Nf3 O-O 6.Bd3 Nc6 7.O-O e5 8.dxe5 dxe5
9.Bg5 h6 10.Be3 Be6 11.Bb5 Nh5 12.Bc5 Re8 13.Bxc6 bxc6 14.Qe2 Nf4 15.Qe3 Qc8
16.Nd2 h5 17.Ne2 Qa6 18.Rfe1 Rad8 19.Nb3 Qc4 20.Nc3 Bh6 21.Qf3 g5 22.Be3 g4
23.hxg4 Bxg4 24.Qg3 Kh7 25.f3 Bc8 26.Qh4 Rd6 27.g3 Rg6 28.Kh1 Nh3 29.Qxh5 Kg7
30.f4 Bg4 31.Qh4 Rh8 32.Qe7 Bxf4 33.Kg2 Bf3+  0-1

[Event "6th HZ Open"]
[Site "Vlissingen NED"]
[Date "2002.08.05"]
[Round "3"]
[White "Steenbekkers,F"]
[Black "Gurevich,M"]
[Result "0-1"]
[WhiteElo "2199"]
[BlackElo "2649"]

1.e4 d6 2.d4 g6 3.Nc3 Bg7 4.Be3 a6 5.a4 Nf6 6.h3 O-O 7.g3 Nc6 8.Bg2 e5 9.Nge2 exd4
10.Nxd4 Bd7 11.O-O Re8 12.Nde2 Ne5 13.b3 Bc6 14.Nd4 Bd7 15.Nde2 Qc8 16.Kh2 b6
17.Nd5 Nxe4 18.Bxe4 Bxh3 19.Bg2 Ng4+ 20.Kg1 Bxg2 21.Kxg2 Qb7 22.Nf4 Nxe3+
23.fxe3 c6 24.Qf3 Bxa1 25.Rxa1 cxd5 26.Nxd5 Qc8 27.Rf1 Ra7 28.Nf6+ Kg7 29.Nxe8+ Qxe8
30.Qf6+ Kg8 31.Qxd6 b5 32.axb5 axb5 33.Qf4 Re7 34.Kf2 Re4 35.Qf3 Re5 36.Qe2 Qe6
37.Kg2 Rxe3 38.Qxb5 Re2+  0-1

[Event "6th Open"]
[Site "Genova ITA"]
[Date "2002.08.06"]
[Round "5"]
[White "Simeoni,M"]
[Black "Shaban,A"]
[Result "1-0"]
[WhiteElo "2048"]
[BlackElo "2188"]

1.e4 g6 2.d4 Bg7 3.Nc3 d6 4.Nf3 c6 5.a4 Nf6 6.Be2 O-O 7.O-O Na6 8.Re1 Nh5
9.h3 e5 10.Be3 Nf4 11.Bf1 h6 12.Qd2 g5 13.Rad1 Qf6 14.dxe5 dxe5 15.Qd6 Nxh3+
16.Kh2 Be6 17.Bxa6 bxa6 18.Qxc6 Rfc8 19.Qxa6 Nf4 20.Rd6 g4 21.Nd5 Nxd5 22.exd5 gxf3
23.dxe6 Qh4+ 24.Kg1 Qg4 25.exf7+ Kh7 26.Rxh6+  1-0

[Event "Inline Czechia Cup"]
[Site "Olomouc CZE"]
[Date "2002.08.06"]
[Round "7"]
[White "Dresen,U"]
[Black "Llaneza Vega,P"]
[Result "1/2-1/2"]
[WhiteElo "2259"]
[BlackElo "2302"]

1.d4 g6 2.e4 Bg7 3.Nc3 d6 4.Be3 c6 5.Nf3 Nd7 6.Qd2 b5 7.Bd3 a6 8.O-O Qc7
9.a4 b4 10.Ne2 c5 11.c3 Rb8 12.h3 e5 13.dxe5 dxe5 14.Ng3 Ngf6 15.Qe2 Qc6
16.Nd2 O-O 17.Nc4 Ne8 18.Rfc1 b3 19.Rd1 Nc7 20.Qd2 Ne6 21.Bf1 Nb6 22.Qd6 Qxd6
23.Rxd6 Nxc4 24.Bxc4 Re8 25.a5 Bf8 26.Rb6 Bd7 27.Rxa6 Bb5 28.Bxb5 Rxb5 29.Rc6 Ra8
30.a6 Nd8 31.Rc7 Ne6 32.Rd7 Rb6 33.a7 Bd6 34.Bh6 Nf8 35.Bxf8 Kxf8 36.Rd1 Be7
37.Rc7 Bd6 38.Rd7 Be7 39.Rc7 Bd6 40.Rd7  1/2-1/2

[Event "It"]
[Site "Sudak UKR"]
[Date "2002.08.07"]
[Round "8"]
[White "Kulicov,O"]
[Black "Polivanov,A"]
[Result "1-0"]
[WhiteElo "2397"]
[BlackElo "2349"]

1.e4 g6 2.d4 Bg7 3.Nc3 d6 4.f4 a6 5.Nf3 b5 6.Bd3 Nd7 7.e5 e6 8.O-O Ne7 9.Be3 O-O
10.Bf2 Bb7 11.Ne4 Nd5 12.Bh4 Qe8 13.Qd2 f5 14.exf6 N7xf6 15.Nxf6+ Bxf6 16.Bxf6 Rxf6
17.g3 Qc6 18.Be4 Qb6 19.Rae1 Raf8 20.c3 Nxf4 21.gxf4 Rxf4 22.Ng5 Rg4+ 23.Kh1 Rxf1+
24.Rxf1 Rxe4 25.Nxe4 Bxe4+ 26.Kg1 Bf5 27.h4 Qb8 28.Qg5 Qf8 29.b3 h6 30.Qf4 Kg7
31.Rf2 Qf6 32.a4 e5 33.dxe5 dxe5 34.Qb4 a5 35.Qxa5 Qxh4 36.Qxc7+ Kg8 37.Qb8+ Kh7
38.Qb7+ Kh8 39.axb5 Qg4+ 40.Qg2 Qd1+ 41.Rf1 Qxb3 42.Qc6 Qa4 43.Qe8+ Kh7 44.Qe7+ Kg8
45.Qxe5 Qg4+ 46.Kf2 Be4 47.Ke1 Bf5 48.b6 Qh4+ 49.Kd2 Qd8+ 50.Qd4 Qg5+ 51.Qe3 Qg2+
52.Rf2 Qd5+ 53.Qd4 Qa2+ 54.Ke3 Qb1 55.c4 Qe1+ 56.Kf4 Qc1+ 57.Ke5 Qe1+ 58.Kd6 Qe6+
59.Kc5 Qe7+ 60.Kc6 Qe8+ 61.Kd6 Qd7+ 62.Kc5 Qe7+ 63.Kb5 Bd7+ 64.Ka6 Bc8+ 65.Ka5 Bb7
66.c5 Qe1+ 67.Rd2 Qb1 68.Qd8+ Kf7 69.Rf2+  1-0

[Event "FSFM August"]
[Site "Budapest HUN"]
[Date "2002.08.10"]
[Round "8"]
[White "Hoang,T"]
[Black "Szirmai,Ed"]
[Result "0-1"]
[WhiteElo "2099"]
[BlackElo "2177"]

1.d4 g6 2.e4 Bg7 3.Nc3 d6 4.f4 Nf6 5.Nf3 O-O 6.Bd3 Bg4 7.Be3 e5 8.dxe5 dxe5
9.O-O Nc6 10.Qe1 Bxf3 11.gxf3 exf4 12.Bxf4 Nh5 13.Be3 Nb4 14.Rd1 Nxd3 15.Rxd3 Qc8
16.Qd2 c6 17.Bh6 Qc7 18.Bxg7 Nxg7 19.Kh1 Rad8 20.f4 Rxd3 21.cxd3 Rd8 22.Ne2 Qd7
23.Rf3 f5 24.exf5 Nxf5 25.Nc3 Re8 26.Qf2 Qd4 27.Qd2 Nh4 28.Rh3 Qxf4 29.Qd1 Qf2  0-1

[Event "ch-AUT"]
[Site "Oberpullendorf AUT"]
[Date "2002.08.10"]
[Round "1"]
[White "Petschar,K"]
[Black "Sulyok,M"]
[Result "1/2-1/2"]
[WhiteElo "2301"]
[BlackElo "2167"]

1.e4 g6 2.d4 Bg7 3.Nc3 d6 4.Be3 a6 5.f4 b5 6.Bd3 Bb7 7.Nf3 Nd7 8.O-O b4 9.Ne2 Ngf6
10.e5 Nd5 11.Bd2 c5 12.c3 cxd4 13.cxd4 Qb6 14.Kh1 O-O 15.Qe1 Rfd8 16.Qh4 Nf8
17.Rae1 Rac8 18.Bb1 a5 19.f5 dxe5 20.dxe5 gxf5 21.Bxf5 Ng6 22.Qh5 e6 23.Bb1 f5
24.exf6 Nxf6 25.Qg5 Ne4 26.Bxe4 Bxe4 27.Be3 Qb7  1/2-1/2